|
|
|
|
| LEADER |
01619cas a2200241 a 4500 |
| 001 |
AALejournalIMF008304 |
| 008 |
230101c9999 xx r poo 0 0eng d |
| 020 |
|
|
|c 5.00 USD
|
| 020 |
|
|
|z 9781455291625
|
| 022 |
|
|
|a 1020-8313
|
| 040 |
|
|
|a BD-DhAAL
|c BD-DhAAL
|
| 110 |
2 |
|
|a International Monetary Fund.
|b Research Dept.
|
| 245 |
1 |
0 |
|a IMF Research Bulletin, March 2010.
|
| 264 |
|
1 |
|a Washington, D.C. :
|b International Monetary Fund,
|c 2010.
|
| 300 |
|
|
|a 1 online resource (12 pages)
|
| 490 |
1 |
|
|a IMF Research Bulletin
|
| 500 |
|
|
|a <strong>Off-Campus Access:</strong> No User ID or Password Required
|
| 500 |
|
|
|a <strong>On-Campus Access:</strong> No User ID or Password Required
|
| 506 |
|
|
|a Electronic access restricted to authorized BRAC University faculty, staff and students
|
| 520 |
3 |
|
|a This paper provides a brief overview of the latest research on the ability of forecasters to predict recessions. The paper highlights that few recessions have been forecast before their onset. Forecasters tend to be excessively cautious and do not revise their forecasts promptly and sufficiently to reflect incoming news. Nor do they fully take into account interdependence among economies. This paper also focuses on robust growth determinants highlighting that a fundamental problem confronting researchers is the lack of an explicit theory identifying the determinants of growth.
|
| 538 |
|
|
|a Mode of access: Internet
|
| 830 |
|
0 |
|a IMF Research Bulletin; IMF Research Bulletin ;
|v No. 2010/001
|
| 856 |
4 |
0 |
|z Full text available on IMF
|u http://elibrary.imf.org/view/journals/026/2010/001/026.2010.issue-001-en.xml
|z IMF e-Library
|